عرض عادي عرض مارك
  • Robinson, Peter, -

مدخل إسم شخص

عدد التسجيلات المستخدمة في: 2

001 - رقم الضبط

  • حقل الضبط: 35630

003 - معرف رقم الضبط

  • حقل الضبط: OSt

005 - تاريخ ووقت أخر عملية

  • حقل الضبط: 20130425163818.0

008 - عناصر بيانات ثابتة الطول

  • حقل تحكم ثابت الطول: 130425|||a|||||| | ||| d

040 ## - مصدر الفهرسة

  • هيئة الفهرسة الأصلية: OSt
  • وكالة الكتابة: OSt

100 ## - مدخل -- أسم شخص

  • إسم شخص: Robinson, Peter, -
  • تواريخ مرتبطة بالاسم: 1956

670 ## - بيانات المصدر موجوده

  • الاستشهاد بالمصدر: Work cat.: (OSt): Cognition and second language instruction /, 2001.